000 00374nam a22001577a 4500
999 _c532072
_d532072
003 NUST
005 20191107123237.0
008 191107b ||||| |||| 00| 0 eng d
038 _aMSOHAIL
082 _a0
100 _aMaj Gen Muhammad Hayat Khan
_925373
245 _aDastan e Hayat
260 _aRawalpindi
_bFI Printers
_c2009
300 _ap;505
942 _2ddc
_cBK